Normal view
MARC view
Entry Personal Name
001 - CONTROL NUMBER
- control field: 12925
003 - CONTROL NUMBER IDENTIFIER
- control field: OSt
005 - DATE AND TIME OF LATEST TRANSACTION
- control field: 20190905110608.0
008 - FIXED-LENGTH DATA ELEMENTS
- fixed length control field: 190905|| aca||aabn | a|a d
040 ## - CATALOGING SOURCE
- Original cataloging agency: OSt
- Transcribing agency: OSt
100 ## - HEADING--PERSONAL NAME
- Personal name: Viera, Ernest R.
670 ## - SOURCE DATA FOUND
- Source citation: Work cat.: (OSt): Viera, Ernest R., Elementary Food Science, 1996
